Hướng dẫn làm các bài thi vào các trường đại học môn Địa lý (1970 -1978)

Сохранить в:
Библиографические подробности
Формат:
Язык:Vietnamese
Опубликовано: H. Đại học và trung học chuyên nghiệp 1979
Предметы:
Метки: Добавить метку
Нет меток, Требуется 1-ая метка записи!
Thư viện lưu trữ: Trung tâm Học liệu Lê Vũ Hùng, Trường Đại học Đồng Tháp
LEADER 00768pam a22002178a 4500
001 00024795
005 20171026081023.0
008 110723s1979 ||||||viesd
041 0 # |a vie 
082 1 4 |a 910.76  |b H561D 
245 0 0 |a Hướng dẫn làm các bài thi vào các trường đại học môn Địa lý (1970 -1978)  |c Chủ biên: Trần Đình Giản 
260 # # |a H.  |b Đại học và trung học chuyên nghiệp  |c 1979 
300 # # |a 223tr.  |c 19 cm. 
650 # 4 |a 1970 - 1978 
650 # 4 |a Địa lí 
650 # 4 |a Bài thi 
650 # 4 |a Bài giải 
852 # # |b Kho đọc  |j KD.0010073 
852 # # |j KD.0010073 
910 0 # |a Ntuyet  |d 23/07/2011 
980 # # |a Trung tâm Học liệu Lê Vũ Hùng, Trường Đại học Đồng Tháp